LDR 00654naa#a2200169#i#450# 001 EN\\bibl\121970 005 20260630015911.2 011 ## _a2687-0185 100 ## _a20260319b2026####ek#y0engy0150####ca 102 ## _aRU 200 1# _aLegal analysis of the status of the Central Bank of the Russian Federation: a study of the legal nature and powers _eJournal article 210 1# _aMoscow _cMoscow University of the Ministry of Internal Affairs of Russia named after V.Ya. Kikot _d2026 215 ## _a5 с. 608 ## _aJournal article _2local 675 ## _aПраво. Юридические науки. 34 _z 700 #1 _aLangner _gTat'yana Sergeevna 856 4# _amosumvd.editorum.ru _u